000 00529nam a2200181Ia 4500
005 20250508163413.0
008 008 250505s9999 xx 000 0 eng d
037 _aBooks to be hide in OPAC
040 _aFEDL
_beng
_cFEDL
041 _aeng
_2eng
084 _a370, AVI/O
_qFEDL
100 _aAvinashilingam T S
_9433781
245 0 _aSchool and the centenary
260 _aCoimbatore, India
_bSri Ramakrishna Mission Vidyalaya
_c1961
300 _a74p.
942 _cHB
_h370, AVI/O
999 _c1382873
_d1382873